Saint-Raphaël - Choix multiples - Statistiques

Statistiques générales
  • Ce quiz a été pris 67 fois
  • Le résultat moyen est 7 sur 10
Statistiques - réponses
Question Réponse % Correct
Quelle côte du littoral français la commune de Saint-Raphaël longe-t-elle sur 24 km ? La Côte d'Azur
95%
Quel massif volcanique, se trouvant principalement dans cette commune, est connu pour ces falaises rouges plongeant dans la Méditerranée ? Le Massif de l'Estérel
83%
Comment s'appellent les habitants de Saint-Raphaël ? Les Raphaëlois
80%
De quel acteur français un musée lui est consacré ? Louis de Funès
76%
Quelle île de Saint-Raphaël a inspiré Hergé pour L'Île Noire des Aventures de Tintin ? Cliquez sur la bonne image.
75%
En 2003, un jardin a été aménagé pour redynamiser le bord de mer de Saint-Raphaël, aujourd’hui très fréquenté par les touristes. De quel nom de personne célèbre ce jardin est-il nommé ?
Indice : il a débarqué à Saint-Raphaël en 1799 lors de son retour d'Egypte.
Napoléon Bonaparte
75%
Reconnaissez-vous Saint-Raphaël sur l'une des photographies suivantes ?
66%
Avec quelle sous-préfecture Saint-Raphaël est-elle rattachée ? Draguignan
66%
Saint-Raphaël est aussi une ville de sport. Dans quelle discipline la commune a-t-elle accueilli des championnats de France ? La natation
41%
Saint-Raphaël détient un record à l’échelle européenne. Lequel ? Le plus grand village de vacances
29%
Aucun quiz correspondant
Distribution des résultats
% des personnes avec chaque résultat
Percentile par nombre de réponses
Votre historique - résultats
Vous n’avez pas pris ce quiz